00941nam a2200217 a 450000100100000000500170001000800410002702000150006804000250008310000270010824501370013526000750027230000210034750400330036850400730040150000210047470000460049571000600054195201050060199900170070600003728120200930080248.0120321s1983 sp 001 0 spa d a8400054245 aDO-SdBNPbspacBNPHU1 aTrenchs, José96371110aDocumentos pontificios sobre Cerdeña de la época de Alfonso el Benigno, 1327-1336 /cJosé Trenchs y Regina Sáinz de la Maza. aMazaelona :bConsejo Superior de Investigaciones Científicas,c1983. a210 p. ;c27 cm. aBibliografía : p. [43]-44. aIncluye referencias bibliográficas y notas al pie de las páginas aIncluye índice1 aSáinz de la Maza Lasoli, Regina.9637122 aConsejo Superior de Investigaciones Científicas94786 001050718MOaGRbGRcCTd2012-03-21iLF1l0o p37281-10r2020-06-25w2020-06-25y1ZNo se presta c36771d36771